000 00768nam a2200289Ia 4500
005 20260324142929.0
008 008 260324s9999 xx 000 0 eng d
020 _a9781315483610
037 _aEBOOK
040 _aCRL
040 _beng
040 _cCRL
041 _2eng
041 _aeng
084 _qCRL
100 _aFrederick C Teiwes; Warren Sun; Lai Hongyi; Hongyi Lai; Warren Sun
_91213768
245 4 _aThe Politics of Agricultural Cooperativization in China
245 0 _bMao, Deng Zihui and the High Tide of 1955
260 _bTaylor and Francis
260 _c1993
365 _a
365 _b235
856 _uhttp://www.taylorfrancis.com/books/9781315483610
942 _cEBOOK
999 _c1818552
_d1818552